| 000 | 01436cam a2200337 a 4500 | ||
|---|---|---|---|
| 999 |
_c233367 _d233367 |
||
| 001 | 12488633 | ||
| 003 | Nust | ||
| 005 | 20170307114056.0 | ||
| 008 | 010731s2001 nyu 000 1 eng | ||
| 010 | _a 2001048240 | ||
| 020 | _a9780752848136 | ||
| 040 |
_aDLC _cDLC _dDLC |
||
| 043 | _ae-sz--- | ||
| 050 | 0 | 0 |
_aPS3562.U26 _bS54 2001 |
| 082 | 0 | 0 |
_a813.54 _bLUD |
| 100 | 1 |
_aLudlum, Robert, _d1927-2001. |
|
| 245 | 1 | 4 |
_aThe Sigma protocol / _cRobert Ludlum. |
| 250 | _a1st ed. | ||
| 260 |
_aNew York : _bSt. Martin's Press, _c2001. |
||
| 300 |
_a612 p. ; _c25 cm. |
||
| 650 | 0 |
_aAmericans _zSwitzerland _vFiction. |
|
| 650 | 0 |
_aGovernment investigators _vFiction. |
|
| 650 | 0 |
_aSerial murders _vFiction. |
|
| 650 | 0 |
_aOlder men _vFiction. |
|
| 651 | 0 |
_aSwitzerland _vFiction. |
|
| 655 | 7 |
_aSuspense fiction. _2gsafd |
|
| 856 | 4 | 2 |
_3Contributor biographical information _uhttp://www.loc.gov/catdir/bios/hol054/2001048240.html |
| 856 | 4 | 1 |
_3Sample text _uhttp://www.loc.gov/catdir/samples/hol051/2001048240.html |
| 856 | 4 | 2 |
_3Publisher description _uhttp://www.loc.gov/catdir/description/hol042/2001048240.html |
| 906 |
_a7 _bcbc _corignew _d1 _eocip _f20 _gy-gencatlg |
||
| 942 |
_2ddc _cBK |
||